La comunicación escrita en la empresa

I tiakina i:
Ngā taipitopito rārangi puna kōrero
Kaituhi matua: Gómez de Enterría y Sánchez, Josefa (Author)
Hōputu: Pukapuka
Reo:Pāniora
I whakaputaina: Madrid Arco-Libros 2002
Rangatū:Español de los Negocios, 1
Ngā marau:
Ngā Tūtohu: Tāpirihia he Tūtohu
Kāore He Tūtohu, Me noho koe te mea tuatahi ki te tūtohu i tēnei pūkete!

MARC

LEADER 00000cam a2200000 a 4500
001 UCF1069
003 CL-VaPUC
008 120621e20020000SP |||||||||||||||||spa|d
020 |a 8476355009 
082 0 4 |a 808  |b GOM  |2 21 
100 |a Gómez de Enterría y Sánchez, Josefa  |e author  |9 562719 
245 1 3 |a La comunicación escrita en la empresa 
300 |a 191 p 
942 |c BK 
945 |d 20120621 00:00:00  |a cmena 
260 |a Madrid  |b Arco-Libros  |c 2002 
650 0 |a Comunicación escrita  |9 345084 
650 0 |a Empresas   |9 255569 
650 7 |a REDACCION COMERCIAL  |2 CL-VaPUC  |9 354223 
650 7 |a REDACCION DE INFORMES  |2 CL-VaPUC  |9 562720 
583 |a last modification  |c 20120621 10:53:00  |k Rodrigo Vera 
490 0 |a Español de los Negocios, 1 
999 |c 348043  |d 348041 
952 |0 0  |1 0  |4 0  |6 808_000000000000000_GOM_2002  |7 0  |8 A  |9 449902  |a FDOPOS  |b FDOPOS  |d 2019-11-22  |i 4878922  |o 808 GOM 2002  |p 4878922  |r 2025-01-22  |w 2019-11-22  |y BK  |k DLA